Music Quiz

Random Music or Billboard Quiz

Billboard #1s: Elemental Songs Quiz Stats

 Plays Quiz not verified by Sporcle

Score 0/18 Timer 06:00
0 Plays Today
Artist Elemental % Correct
The Ohio PlayersFire
88.5%
The DoorsLight My Fire
80.2%
TLCWaterfalls
80.2%
Simon And GarfunkelBridge Over Troubled Water
78.1%
Billy JoelWe Didn't Start The Fire
70.8%
Bette MidlerWind Beneath My Wings
69.8%
Katy PerryFirework
67.7%
VangellisChariots Of Fire
66.7%
Elton John Candle In The Wind
60.4%
Artist Elemental % Correct
Owl CityFireflies
60.4%
The Doobie BrothersBlack Water
55.2%
John ParrSt. Elmo's Fire
55.2%
AdeleSet Fire To The Rain
54.2%
Belinda CarlisleHeaven Is A Place On Earth
53.1%
The AssociationWindy
50%
Andy GibbLove Is Thicker Than Water
30.2%
George HarrisonGive Me Love(Give Me Peace On Earth)
30.2%
Gogi GrantThe Wayward Wind
27.1%

You're not logged in!

Compare scores with friends on all Sporcle quizzes.
OR
Log In

Sporcle TV

Today on Sporcle TV


Watch our educational content, quiz creation guides, and fun videos on Sporcle TV.

Show Comments

Extras

Top Quizzes Today


Score Distribution

Your Account Isn't Verified!

In order to create a playlist on Sporcle, you need to verify the email address you used during registration. Go to your Sporcle Settings to finish the process.

Report this User

Report this user for behavior that violates our Community Guidelines.

Details: